The concise illustrated book of wild flowers

Bibliographic Details
Main Author: Flegg, Jim
Format: Book
Published: London : Brian Trodd Publishing , 1990
Series:The concise illustrated book of
Subjects:

MARC

LEADER 00000cam a2200000 7i4500
001 0000000593
002 000000684
005 20080401.0
020 |a 1853611255 
090 0 0 |a J 030   |b FLE 
100 1 |a Flegg, Jim 
245 1 4 |a The concise illustrated book of wild flowers   |c Jim Flegg 
260 |a London :   |b Brian Trodd Publishing ,   |c 1990 
300 |a 46 p. :   |b ill. ;   |c 16 cm. 
490 0 |a The concise illustrated book of 
650 0 0 |a Wild flowers   |x Juvenile literature 
999 |a 029964   |b BUKU   |c PINJAMAN   |e PERPUSTAKAAN KOMUNITI PETALING JAYA